All Countries Once Ruled by Queen Elizabeth II - Statistics

General Stats
  • This quiz has been taken 637 times
  • The average score is 21 of 32
Answer Stats
Ruled Country % Correct
1952 - 2022 Australia
91%
1952 - 2022 Canada
88%
1952 - 2022 United Kingdom
87%
1952 - 2022 New Zealand
86%
1952 - 1961 South Africa
83%
1966 - 2021 Barbados
81%
1981 - 2022 Antigua and Barbuda
75%
1983 - 2022 Saint Kitts and Nevis
75%
1979 - 2022 Saint Lucia
74%
1979 - 2022 Saint Vincent and the Grenadines
74%
1973 - 2022 Bahamas
73%
1962 - 2022 Jamaica
71%
1963 - 1964 Kenya
71%
1974 - 2022 Grenada
70%
1970 - 1987 Fiji
69%
1981 - 2022 Belize
68%
1962 - 1976 Trinidad and Tobago
67%
1960 - 1963 Nigeria
64%
1978 - 2022 Tuvalu
62%
1957 - 1960 Ghana
59%
1966 - 1970 Guyana
57%
1964 - 1974 Malta
56%
1978 - 2022 Solomon Islands
56%
1962 - 1963 Uganda
56%
1952 - 1956 Pakistan
55%
1975 - 2022 Papua New Guinea
54%
1952 - 1972 Ceylon
50%
1965 - 1970 Gambia
48%
1961 - 1971 Sierra Leone
45%
1964 - 1966 Malawi
44%
1968 - 1992 Mauritius
38%
1961 - 1962 Tanganyika
13%
No matching quizzes found
Score Distribution
Percent of People with Each Score
Percentile by Number Answered
Your Score History
You have not taken this quiz